000 00648nam a2200217 a 4500
999 _c3656
_d3656
001 3656
003 BD-JhCC
005 20171115201236.0
008 171115s1371 bg |||| ||a| 00| 0 en d
035 _a(BD-JhCC)3656
040 _aBD-JhCC
_dBD-JhCC
041 _aben
082 _a891.443
_bBON 1371
100 _aবন্দোপাধ্যায়, তারাশঙ্কর
245 _aঅভিযান /
_cতারাশঙ্কর বন্দোপাধ্যায়
260 _aঢাকা :
_bকথাকলি,
_c1371.
300 _a255 p. :
_c20 cm.
650 _aBengali Novel
942 _2ddc
_cBK